[Event "13_Ascona_Chess_Open_2018"]
[Site "Hotel Ascona****, Via Signor i"]
[Date "2018.04.06"]
[Round "1.1"]
[White "Zani, Davide"]
[Black "Naumkin, Igor"]
[Result "0-1"]
[WhiteElo "1693"]
[BlackElo "2418"]
[PlyCount "74"]
[EventDate "2018.04.06"]

1. e4 e5 2. Nf3 Nc6 3. Bc4 Bc5 4. c3 Nf6 5. d4 exd4 6. cxd4 Bb4+ 7. Bd2 Bxd2+
8. Nbxd2 d5 9. exd5 Nxd5 10. O-O O-O 11. Qb3 Na5 12. Qc2 Nxc4 13. Nxc4 Be6 14.
a3 Nf4 15. Ne3 c6 16. Rfe1 Qf6 17. Qe4 Rfe8 18. Qe5 Nh3+ 19. Kf1 Bc4+ 20. Nxc4
Rxe5 21. Ncxe5 Nf4 22. Rad1 h6 23. Nd3 Ne6 24. Re4 Rd8 25. Nde5 c5 26. d5 Nc7
27. Ke2 Qa6+ 28. Ke1 Rxd5 29. Rxd5 Nxd5 30. Nd2 Qe6 31. Kf1 f6 32. Nd3 Qd6 33.
h3 c4 34. Nc1 c3 35. bxc3 Nxc3 36. Nd3 Qa6 37. Kg1 Qxd3 0-1

[Event "13_Ascona_Chess_Open_2018"]
[Site "Hotel Ascona****, Via Signor i"]
[Date "2018.04.06"]
[Round "1.2"]
[White "Akshat, Khamparia"]
[Black "Trivic, Zoran"]
[Result "1-0"]
[WhiteElo "2396"]
[BlackElo "1641"]
[PlyCount "73"]
[EventDate "2018.04.06"]

1. d4 e6 2. c4 Nf6 3. Nc3 Bb4 4. f3 d5 5. a3 Be7 6. e4 dxc4 7. Bxc4 c6 8. Nge2
b5 9. Ba2 a5 10. Bb1 Bb7 11. O-O O-O 12. e5 Nd5 13. Ne4 Nd7 14. Qd3 g6 15. Be3
Nxe3 16. Qxe3 Nb6 17. Bd3 Nd5 18. Qh6 Re8 19. Rfd1 Bf8 20. Qh3 Be7 21. f4 Qb6
22. Rac1 Rac8 23. Nc5 Ba8 24. Rf1 Rcd8 25. Rf3 Kg7 26. g4 h6 27. Qg3 Rc8 28.
Bb1 Qd8 29. Rcf1 Bh4 30. Qg2 Rc7 31. Ne4 Be7 32. f5 exf5 33. gxf5 Bg5 34. f6+
Kh7 35. Nxg5+ hxg5 36. Qh3+ Kg8 37. Qh6 1-0

[Event "13_Ascona_Chess_Open_2018"]
[Site "Hotel Ascona****, Via Signor i"]
[Date "2018.04.06"]
[Round "1.3"]
[White "Coqueraut, Lodewyk"]
[Black "Kohlweyer, Bernd"]
[Result "0-1"]
[WhiteElo "1612"]
[BlackElo "2336"]
[PlyCount "82"]
[EventDate "2018.04.06"]

1. e4 c5 2. Nf3 d6 3. d4 cxd4 4. Nxd4 Nf6 5. Nc3 a6 6. h3 b5 7. a3 Bb7 8. Bd3
Nbd7 9. Be3 g6 10. Qd2 Rc8 11. O-O Bg7 12. f3 O-O 13. Rf2 Qc7 14. Rd1 Rfd8 15.
g4 e5 16. Nde2 d5 17. exd5 Nxd5 18. Nxd5 Bxd5 19. Be4 Bxe4 20. fxe4 Nf6 21. Qe1
Nxe4 22. Rxd8+ Qxd8 23. Rg2 Rxc2 24. Nc3 Rxg2+ 25. Kxg2 Qd3 26. Qe2 Qxe2+ 27.
Nxe2 f5 28. Kf3 Kf7 29. b3 Ke6 30. Bc1 Nc3 31. gxf5+ gxf5 32. Ng3 Nd5 33. Ne2
e4+ 34. Kf2 Be5 35. Ng3 e3+ 36. Kf3 Bxg3 37. Kxg3 f4+ 38. Kf3 Kf5 39. Bb2 Ne7
40. Bc3 Ng6 41. a4 bxa4 0-1

[Event "13_Ascona_Chess_Open_2018"]
[Site "Hotel Ascona****, Via Signor i"]
[Date "2018.04.06"]
[Round "1.4"]
[White "Medici, Simone"]
[Black "Zecirovic, Giacomo"]
[Result "1-0"]
[WhiteElo "2288"]
[BlackElo "1595"]
[PlyCount "79"]
[EventDate "2018.04.06"]

1. d4 Nf6 2. c4 e6 3. Nf3 d5 4. Nc3 Bb4 5. Bg5 c6 6. Qb3 Bxc3+ 7. bxc3 O-O 8.
e3 b6 9. cxd5 cxd5 10. Ne5 Nbd7 11. Bb5 Qc7 12. Bf4 Nxe5 13. Bxe5 Qe7 14. O-O
Ne4 15. Rfc1 Bd7 16. Bd3 Nd2 17. Qb4 Qxb4 18. cxb4 Rfc8 19. Ba6 Rxc1+ 20. Rxc1
f6 21. Bc7 Nc4 22. Bxc4 dxc4 23. Rxc4 Rc8 24. e4 Kf7 25. f3 h5 26. Kf2 f5 27.
Rc3 Ke8 28. exf5 exf5 29. d5 Kf7 30. f4 a6 31. Ke3 Ke7 32. Kd4 Bb5 33. Bxb6
Rxc3 34. Kxc3 Kd6 35. Kd4 Bf1 36. Bc5+ Kd7 37. g3 Bh3 38. Ke5 h4 39. gxh4 Bg4
40. a4 1-0

[Event "13_Ascona_Chess_Open_2018"]
[Site "Hotel Ascona****, Via Signor i"]
[Date "2018.04.06"]
[Round "1.5"]
[White "Udipi, Kala Kishan"]
[Black "Luciani, Valerio"]
[Result "0-1"]
[WhiteElo "1576"]
[BlackElo "2261"]
[PlyCount "60"]
[EventDate "2018.04.06"]

1. d4 f5 2. c4 Nf6 3. Nc3 d6 4. Bg5 Nbd7 5. Qd3 g6 6. h4 Bg7 7. e3 c6 8. Be2 h6
9. Bxf6 Nxf6 10. g4 e5 11. f3 Qe7 12. gxf5 gxf5 13. O-O-O e4 14. fxe4 fxe4 15.
Qc2 h5 16. Nh3 Bh6 17. Ng5 Bg4 18. Bxg4 Nxg4 19. Qe2 O-O-O 20. Ncxe4 d5 21. Ng3
Bxg5 22. hxg5 Qxg5 23. Rdg1 Qxe3+ 24. Qxe3 Nxe3 25. c5 h4 26. Ne2 Rde8 27. Rg5
Re4 28. Kd2 Nc4+ 29. Kd3 Re3+ 30. Kc2 Rxe2+ 0-1

[Event "13_Ascona_Chess_Open_2018"]
[Site "Hotel Ascona****, Via Signor i"]
[Date "2018.04.06"]
[Round "1.6"]
[White "Salzgeber, Frank"]
[Black "Odermatt, Christoph"]
[Result "1-0"]
[WhiteElo "2217"]
[BlackElo "1529"]
[PlyCount "89"]
[EventDate "2018.04.06"]

1. d4 d5 2. c4 e5 3. dxe5 d4 4. Nf3 Nc6 5. a3 Be6 6. Nbd2 g6 7. b4 Bg7 8. Qa4
Nge7 9. Bb2 Qd7 10. Rd1 Rd8 11. b5 Nxe5 12. Nxe5 Bxe5 13. Nf3 Bg7 14. Bxd4 Bxd4
15. Rxd4 Qc8 16. e3 b6 17. Be2 O-O 18. O-O Nf5 19. Rxd8 Rxd8 20. Qxa7 f6 21.
Qa4 Qa8 22. Qb4 Qe4 23. Qc3 Kf7 24. Nd2 Qe5 25. Qxe5 fxe5 26. Ne4 h6 27. Rc1
Ra8 28. Rc3 Ra4 29. f3 Nd6 30. Nxd6+ cxd6 31. Kf2 Kf6 32. Bd3 g5 33. Ke2 h5 34.
Kd2 h4 35. h3 Bf5 36. Be2 e4 37. Kc1 Ke5 38. Kb2 Be6 39. Kb3 Ra7 40. Kb4 Rc7
41. a4 Ra7 42. Ra3 Ra5 43. Ra1 Bf7 44. Rd1 Be6 45. fxe4 1-0

[Event "13_Ascona_Chess_Open_2018"]
[Site "Hotel Ascona****, Via Signor i"]
[Date "2018.04.06"]
[Round "1.7"]
[White "Zahner, Rolf"]
[Black "Boschetti, Claudio"]
[Result "0-1"]
[WhiteElo "1497"]
[BlackElo "2124"]
[PlyCount "44"]
[EventDate "2018.04.06"]

1. e4 Nc6 2. c3 e5 3. Nf3 Nf6 4. d3 Bc5 5. Be2 Bb6 6. O-O h6 7. Nbd2 d6 8. Nc4
g5 9. Nxb6 axb6 10. h3 g4 11. hxg4 Nxg4 12. Nh2 h5 13. f3 Nxh2 14. Kxh2 Qh4+
15. Kg1 Rg8 16. Qe1 Rg3 17. Kf2 Be6 18. Rh1 Rh3+ 19. g3 Qxg3+ 20. Ke3 Qf4+ 21.
Kf2 Qh4+ 22. Kg2 Rh2+ 0-1

[Event "13_Ascona_Chess_Open_2018"]
[Site "Hotel Ascona****, Via Signor i"]
[Date "2018.04.06"]
[Round "1.8"]
[White "Paterson, Andrew I"]
[Black "Tuor, Elena"]
[Result "1-0"]
[WhiteElo "2017"]
[BlackElo "1469"]
[PlyCount "97"]
[EventDate "2018.04.06"]

1. c4 e5 2. Nc3 Nf6 3. g3 Nc6 4. Bg2 Be7 5. d3 d6 6. Rb1 Bd7 7. b4 a6 8. a4 Rb8
9. Nf3 Nd4 10. O-O c6 11. b5 Nxf3+ 12. Bxf3 O-O 13. Qc2 h6 14. Bg2 Nh7 15. f4
axb5 16. axb5 cxb5 17. Nxb5 Bc6 18. Nc3 Bf6 19. Nd5 exf4 20. Bxf4 Be5 21. Be3
Bxd5 22. Bxd5 b6 23. Rb5 Ng5 24. Qb3 Ne6 25. Bxe6 fxe6 26. Rxf8+ Qxf8 27. d4
Bf6 28. Rxb6 Rc8 29. Qb1 Kh8 30. Kg2 e5 31. d5 Qd8 32. Rb7 Qe8 33. c5 dxc5 34.
Bxc5 e4 35. d6 Rd8 36. Qb3 Qc6 37. Rc7 Qa6 38. Qc2 Qa8 39. e3 Qd5 40. Bb4 Qf5
41. Qd1 Qb5 42. Qd2 Qf5 43. d7 Qf3+ 44. Kg1 Qf5 45. Rc8 Qg6 46. Ba5 Qg5 47.
Bxd8 Bxd8 48. Qd4 Qe7 49. Qb6 1-0

[Event "13_Ascona_Chess_Open_2018"]
[Site "Hotel Ascona****, Via Signor i"]
[Date "2018.04.06"]
[Round "1.9"]
[White "Syed, Amir"]
[Black "Aimi, Luca"]
[Result "0-1"]
[WhiteElo "1775"]
[BlackElo "1934"]
[PlyCount "94"]
[EventDate "2018.04.06"]

1. c3 e6 2. e4 d5 3. e5 c5 4. d4 Nc6 5. Nf3 Qb6 6. a3 c4 7. Be2 f6 8. O-O fxe5
9. dxe5 Bc5 10. Nd4 Nxd4 11. cxd4 Bxd4 12. Bh5+ g6 13. Bg4 Ne7 14. Qf3 Nc6 15.
Nc3 Nxe5 16. Qf4 Nxg4 17. Qxg4 O-O 18. Bh6 Rxf2 19. Rxf2 Bxf2+ 20. Kh1 Be3 21.
Qh3 Bxh6 22. Qxh6 Bd7 23. Rf1 Qd4 24. h4 Qg7 25. Qg5 Rf8 26. Re1 Qf6 27. Qg3
Qf2 28. Kh2 Rf3 29. Qxf2 Rxf2 30. Nd1 Rd2 31. Kg3 a5 32. Kf4 Rxg2 33. Ke5 Kf7
34. Kd6 Ke8 35. h5 gxh5 36. Ne3 Rg5 37. Nc2 d4 38. Rf1 Rd5+ 39. Kc7 Bc6 40. Re1
e5 41. Rg1 Rb5 42. Rg5 Kf7 43. Rxh5 Kg6 44. Rh3 Rxb2 45. Ne1 d3 46. Rg3+ Kf5
47. Rg8 d2 0-1

[Event "13_Ascona_Chess_Open_2018"]
[Site "Hotel Ascona****, Via Signor i"]
[Date "2018.04.06"]
[Round "1.10"]
[White "Urwyler, Nikash"]
[Black "Unal, Daniel"]
[Result "1-0"]
[WhiteElo "1921"]
[BlackElo "1369"]
[PlyCount "37"]
[EventDate "2018.04.06"]

1. e4 e5 2. Nf3 Nc6 3. Bb5 Nf6 4. O-O d6 5. Re1 Be7 6. c3 O-O 7. h3 Bd7 8. d4
exd4 9. cxd4 a6 10. Ba4 Re8 11. Nc3 Bf8 12. e5 dxe5 13. dxe5 Nh5 14. g4 b5 15.
Bb3 b4 16. Nd5 Qc8 17. gxh5 Bxh3 18. Ng5 Bg4 19. Qc2 1-0

[Event "13_Ascona_Chess_Open_2018"]
[Site "Hotel Ascona****, Via Signor i"]
[Date "2018.04.06"]
[Round "1.11"]
[White "Fischer, Gerd"]
[Black "Di Cicco, Daniela"]
[Result "1-0"]
[WhiteElo "1842"]
[BlackElo "1200"]
[PlyCount "75"]
[EventDate "2018.04.06"]

1. d4 d5 2. c4 c6 3. Nc3 Nf6 4. Nf3 e6 5. e3 Be7 6. Bd3 Nbd7 7. O-O O-O 8. Bd2
Re8 9. Qc2 Nf8 10. Rfe1 Bd7 11. a3 Qc8 12. Rac1 Ng6 13. b4 Bd6 14. Qb3 Qb8 15.
h3 Re7 16. b5 e5 17. Bxg6 hxg6 18. cxd5 e4 19. Ng5 Qc7 20. dxc6 bxc6 21. bxc6
Rb8 22. Qa2 Bxc6 23. d5 Bh2+ 24. Kh1 Bd7 25. Ncxe4 Qe5 26. Bc3 Qf5 27. Bxf6
gxf6 28. d6 Be6 29. Nxe6 Rxe6 30. Nc5 Rxd6 31. Kxh2 Qxf2 32. Qxf2 Rbd8 33. Ne4
Rd3 34. Nxf6+ Kg7 35. Rc7 Rxa3 36. Ne8+ Rxe8 37. Qxf7+ Kh6 38. Qg7+ 1-0

[Event "13_Ascona_Chess_Open_2018"]
[Site "Hotel Ascona****, Via Signor i"]
[Date "2018.04.06"]
[Round "1.12"]
[White "Cerusico, Carlo"]
[Black "Neumann, Horst"]
[Result "0-1"]
[WhiteElo "1164"]
[BlackElo "1817"]
[PlyCount "60"]
[EventDate "2018.04.06"]

1. d4 d5 2. Bf4 Nf6 3. e3 g6 4. Nd2 Nh5 5. Bg3 Nxg3 6. hxg3 Bg7 7. Bd3 e5 8.
dxe5 Bxe5 9. c3 c6 10. Ngf3 Bg7 11. Qc2 Nd7 12. e4 Qe7 13. O-O-O O-O 14. exd5
cxd5 15. Rde1 Qf6 16. Rh2 Nc5 17. Reh1 h6 18. Rh4 Bd7 19. Rf4 Qb6 20. Rb4 Qd6
21. Nb3 Nxd3+ 22. Qxd3 Bf5 23. Qd2 b6 24. Rbh4 h5 25. Rxh5 gxh5 26. Rxh5 Qg6
27. Rg5 Qf6 28. Rxg7+ Kxg7 29. Qg5+ Qxg5+ 30. Nxg5 Rh8 0-1

[Event "13_Ascona_Chess_Open_2018"]
[Site "Hotel Ascona****, Via Signor i"]
[Date "2018.04.06"]
[Round "1.14"]
[White "Strupat, Thomas"]
[Black "Chockalingam, Krithik"]
[Result "1-0"]
[WhiteElo "1420"]
[BlackElo "1275"]
[PlyCount "47"]
[EventDate "2018.04.06"]

1. e4 c6 2. d4 d5 3. Nc3 dxe4 4. Nxe4 Bf5 5. Ng3 Bg6 6. Nf3 Nd7 7. h4 h6 8. h5
Bh7 9. Bd3 Bxd3 10. Qxd3 e6 11. Bf4 Ngf6 12. O-O-O Be7 13. Kb1 Nd5 14. Be5 f6
15. Qg6+ Kf8 16. Ne4 fxe5 17. Qxe6 exd4 18. Nxd4 N7f6 19. Qf5 Qd7 20. Ne6+ Kg8
21. c4 Nxe4 22. Qxe4 Kf7 23. Qg6+ Kg8 24. Qxg7# 1-0

[Event "13_Ascona_Chess_Open_2018"]
[Site "Hotel Ascona****, Via Signor i"]
[Date "2018.04.07"]
[Round "2.1"]
[White "Naumkin, Igor"]
[Black "Paterson, Andrew I"]
[Result "1-0"]
[WhiteElo "2418"]
[BlackElo "2017"]
[PlyCount "93"]
[EventDate "2018.04.06"]

1. d4 d5 2. c4 e6 3. Nf3 c6 4. e3 Bd6 5. Nc3 f5 6. Bd3 Nf6 7. O-O O-O 8. b3
Nbd7 9. Bb2 b6 10. Rc1 Bb7 11. cxd5 Nxd5 12. Qe2 Qe7 13. Ba6 Bxa6 14. Qxa6 N7f6
15. Ne5 Nxc3 16. Bxc3 Bxe5 17. dxe5 Nd5 18. Bd2 c5 19. f4 Rfd8 20. Qe2 Rd7 21.
e4 fxe4 22. Qxe4 Rf8 23. Rf2 Qd8 24. Qc4 Nc7 25. Qe2 Rd3 26. b4 Qd5 27. bxc5
bxc5 28. Be3 c4 29. a4 a5 30. Qe1 Na6 31. Rfc2 Rc8 32. Rc3 Nb4 33. h3 Qd7 34.
Kh2 Qd5 35. Qh4 Rxc3 36. Rxc3 Na2 37. Rc2 c3 38. Qe7 h6 39. Qa3 Nb4 40. Rxc3
Rd8 41. Qb3 Qd7 42. Rc5 Qe7 43. f5 Rd3 44. Rc8+ Kf7 45. Qc4 Rd5 46. Rc7 Rd7 47.
fxe6+ 1-0

[Event "13_Ascona_Chess_Open_2018"]
[Site "Hotel Ascona****, Via Signor i"]
[Date "2018.04.07"]
[Round "2.2"]
[White "Aimi, Luca"]
[Black "Akshat, Khamparia"]
[Result "0-1"]
[WhiteElo "1934"]
[BlackElo "2396"]
[PlyCount "80"]
[EventDate "2018.04.06"]

1. d4 Nf6 2. c4 Nc6 3. d5 Ne5 4. Nc3 e6 5. dxe6 fxe6 6. Bf4 Ng6 7. Bg3 Bb4 8.
Qb3 a5 9. a3 Bc5 10. e3 d6 11. Bd3 Ne7 12. Bh4 Nf5 13. Bxf5 exf5 14. Nd5 O-O
15. Ne2 a4 16. Qc2 c6 17. Nxf6+ gxf6 18. O-O Qb6 19. Nf4 Qd8 20. Qe2 b5 21.
cxb5 cxb5 22. Rac1 Qc7 23. Nd5 Qd8 24. e4 fxe4 25. Nf4 Bf5 26. Qd2 Bb6 27. Rc3
Ra7 28. Rg3+ Rg7 29. Rxg7+ Kxg7 30. Rc1 Rg8 31. Bg3 Re8 32. Qe2 e3 33. Kh1 Be6
34. f3 Bd7 35. Nd3 Ba5 36. Bxd6 Be6 37. Bc5 Bc4 38. Bb4 Bxd3 39. Qe1 e2 40.
Qg3+ Kh8 {formulari incomprensibili} 0-1

[Event "13_Ascona_Chess_Open_2018"]
[Site "Hotel Ascona****, Via Signor i"]
[Date "2018.04.07"]
[Round "2.3"]
[White "Kohlweyer, Bernd"]
[Black "Urwyler, Nikash"]
[Result "1-0"]
[WhiteElo "2336"]
[BlackElo "1921"]
[PlyCount "85"]
[EventDate "2018.04.06"]

1. d4 Nf6 2. c4 e6 3. g3 d5 4. Bg2 Bb4+ 5. Bd2 Be7 6. cxd5 exd5 7. e3 O-O 8.
Ne2 Bf5 9. Qb3 b6 10. Nbc3 c6 11. h3 Bd6 12. O-O Re8 13. f3 Qc7 14. g4 Bg6 15.
Rac1 Qd8 16. g5 Nh5 17. e4 dxe4 18. fxe4 Ng3 19. Nxg3 Bxg3 20. Ne2 Bc7 21. Be3
Qd7 22. e5 Bf5 23. Nf4 Be6 24. Nxe6 Qxe6 25. Qxe6 Rxe6 26. Bf4 Re7 27. d5 Bxe5
28. Bxe5 Rxe5 29. dxc6 Na6 30. c7 Rc8 31. Bb7 Rxg5+ 32. Kh2 Rxc7 33. Bxa6 Rxc1
34. Rxc1 g6 35. Rc7 Rc5 36. Rxc5 bxc5 37. Kg3 Kg7 38. Kf4 f5 39. Ke5 h6 40. Bc4
h5 41. h4 g5 42. hxg5 Kg6 43. Kf4 1-0

[Event "13_Ascona_Chess_Open_2018"]
[Site "Hotel Ascona****, Via Signor i"]
[Date "2018.04.07"]
[Round "2.4"]
[White "Neumann, Horst"]
[Black "Medici, Simone"]
[Result "0-1"]
[WhiteElo "1817"]
[BlackElo "2288"]
[PlyCount "74"]
[EventDate "2018.04.06"]

1. d4 d5 2. Nf3 Nf6 3. Bg5 Nbd7 4. Nbd2 h6 5. Bh4 e6 6. e3 c5 7. c3 Be7 8. Bd3
b6 9. Qe2 O-O 10. O-O a5 11. Rad1 Bb7 12. h3 Ne4 13. Bxe7 Qxe7 14. Rfe1 f5 15.
Bb5 Nd6 16. Bd3 c4 17. Bc2 b5 18. g3 Bc6 19. Nh4 Qf6 20. Qh5 Qf7 21. Qxf7+ Kxf7
22. f4 Ne4 23. Nf1 b4 24. Bxe4 dxe4 25. d5 Bxd5 26. Nxf5 Nc5 27. Nd4 Nd3 28.
Re2 Rab8 29. g4 g6 30. Ng3 Rb6 31. f5 gxf5 32. gxf5 e5 33. Ne6 Rg8 34. Kh2 Bxe6
35. fxe6+ Kxe6 36. Nxe4 Kd5 37. cxb4 Kxe4 0-1

[Event "13_Ascona_Chess_Open_2018"]
[Site "Hotel Ascona****, Via Signor i"]
[Date "2018.04.07"]
[Round "2.5"]
[White "Luciani, Valerio"]
[Black "Fischer, Gerd"]
[Result "1-0"]
[WhiteElo "2261"]
[BlackElo "1842"]
[PlyCount "67"]
[EventDate "2018.04.06"]

1. d4 d6 2. Nf3 Nd7 3. e4 Ngf6 4. e5 Nd5 5. Bc4 e6 6. O-O N5b6 7. Be2 Be7 8. c3
O-O 9. Re1 c5 10. Bf4 Nd5 11. Bg3 Qb6 12. exd6 Bxd6 13. dxc5 Bxc5 14. Qc2 Bd6
15. Bxd6 Qxd6 16. Nbd2 Ne5 17. Rad1 Nf4 18. Nd4 Qc5 19. Bf3 Qc7 20. Ne4 Bd7 21.
Ng5 Nfg6 22. h4 Rfe8 23. h5 Nf8 24. h6 Bc6 25. hxg7 Kxg7 26. Bxc6 Nxc6 27. Rd3
h6 28. Ne4 Rad8 29. Rh3 e5 30. Ng3 Re6 31. Ndf5+ Kh8 32. Qc1 Kh7 33. Qg5 Rg6
34. Rxh6+ 1-0

[Event "13_Ascona_Chess_Open_2018"]
[Site "Hotel Ascona****, Via Signor i"]
[Date "2018.04.07"]
[Round "2.7"]
[White "Boschetti, Claudio"]
[Black "Strupat, Thomas"]
[Result "1-0"]
[WhiteElo "2124"]
[BlackElo "1420"]
[PlyCount "59"]
[EventDate "2018.04.06"]

1. e4 e5 2. Bc4 Nf6 3. d4 d6 4. dxe5 dxe5 5. Bxf7+ Ke7 6. Qxd8+ Kxd8 7. Bg5 Be7
8. Nc3 c6 9. O-O-O+ Kc7 10. f3 b6 11. Nge2 h6 12. Be3 g5 13. Ng3 Rf8 14. Bg6
Ne8 15. Nf5 Bxf5 16. Bxf5 Nd6 17. Be6 Na6 18. b3 Rad8 19. Bg4 Nb7 20. Kb2 Bc5
21. Bxc5 Naxc5 22. h4 Rxd1 23. Nxd1 Rd8 24. hxg5 hxg5 25. Kc1 Nd6 26. Rh7+ Nd7
27. Rg7 Nb5 28. Ne3 Nd4 29. Nc4 c5 30. Nxe5 1-0

[Event "13_Ascona_Chess_Open_2018"]
[Site "Hotel Ascona****, Via Signor i"]
[Date "2018.04.07"]
[Round "2.8"]
[White "Mata, Adilson"]
[Black "Syed, Amir"]
[Result "1/2-1/2"]
[WhiteElo "2032"]
[BlackElo "1775"]
[PlyCount "168"]
[EventDate "2018.04.06"]

1. d4 Nc6 2. Nf3 e6 3. c4 Nf6 4. Nc3 d5 5. Bg5 Be7 6. e3 Ne4 7. Bxe7 Nxe7 8.
Rc1 c6 9. Bd3 f5 10. O-O Ng6 11. g3 O-O 12. h4 Rf6 13. h5 Nf8 14. Kg2 a6 15. c5
Bd7 16. Na4 Be8 17. Nb6 Rb8 18. Ne5 Rh6 19. Rh1 Qg5 20. Be2 Rd8 21. b4 g6 22.
Nf3 Qf6 23. hxg6 Rxg6 24. Rh4 Rg7 25. Qh1 Ng6 26. Rh6 f4 27. g4 Qe7 28. Qh3 Bd7
29. Rh1 Rf8 30. Nxd7 Qxd7 31. Rxg6 Rxg6 32. Ne5 Qg7 33. Nxg6 Qxg6 34. Bd3 fxe3
35. f3 Rf4 36. Re1 Nf2 37. Bxg6 Nxh3 38. Be8 Ng5 39. Rxe3 Rxd4 40. a3 Kf8 41.
Bd7 a5 42. Bc8 axb4 43. axb4 Ke7 44. Bxb7 Kd7 45. Ba6 e5 46. f4 Rd2+ 47. Kg3
Ne6 48. f5 Nd4 49. Re1 Ra2 50. b5 Ra3+ 51. Kg2 Rb3 52. Rh1 cxb5 53. Rxh7+ Kc6
54. f6 Rf3 55. g5 Kxc5 56. Bc8 b4 57. Bg4 Rf4 58. Kg3 Rf1 59. Kg2 b3 60. Rb7
Rf4 61. Bd1 Kc4 62. Kg3 Rf1 63. f7 b2 64. Rxb2 Rxf7 65. Bh5 Rg7 66. g6 Kc3 67.
Rb8 Ne6 68. Re8 Nc7 69. Rxe5 d4 70. Kf4 Na6 71. Re8 Nc7 72. Rh8 d3 73. Kf5 Kd4
74. Rh7 Ne8 75. Rh8 Re7 76. Rh7 Re4 77. g7 Nxg7+ 78. Rxg7 Re2 79. Bxe2 dxe2 80.
Rd7+ Kc3 81. Re7 Kd2 82. Rd7+ Ke3 83. Re7+ Kf2 84. Rxe2+ Kxe2 1/2-1/2

[Event "13_Ascona_Chess_Open_2018"]
[Site "Hotel Ascona****, Via Signor i"]
[Date "2018.04.07"]
[Round "2.9"]
[White "Tuor, Elena"]
[Black "Zani, Davide"]
[Result "0-1"]
[WhiteElo "1469"]
[BlackElo "1693"]
[PlyCount "70"]
[EventDate "2018.04.06"]

1. d4 Nf6 2. Nc3 d5 3. e3 Bf5 4. Nf3 e6 5. h3 c5 6. Bb5+ Nbd7 7. Ne5 a6 8. Bd3
Bg6 9. Nxg6 hxg6 10. Be2 Bd6 11. Bf3 Qc7 12. Qe2 b5 13. a3 O-O 14. O-O Rac8 15.
Bd2 Qa7 16. dxc5 Nxc5 17. Rfc1 Bb8 18. b4 Ncd7 19. Nd1 Be5 20. Ra2 Nb6 21. c3
Rfe8 22. e4 Nc4 23. a4 dxe4 24. Bxe4 bxa4 25. Be1 Bf4 26. Rcc2 Ne5 27. Rxa4 Qd7
28. Ra1 Red8 29. Bf3 Qb5 30. Kf1 Nxf3 31. gxf3 Qh5 32. Qxa6 Qxf3 33. Qb6 Ne4
34. Ne3 Ng3+ 35. Kg1 Qh1# 0-1

[Event "13_Ascona_Chess_Open_2018"]
[Site "Hotel Ascona****, Via Signor i"]
[Date "2018.04.07"]
[Round "2.10"]
[White "Trivic, Zoran"]
[Black "Zahner, Rolf"]
[Result "1-0"]
[WhiteElo "1641"]
[BlackElo "1497"]
[PlyCount "41"]
[EventDate "2018.04.06"]

1. d4 d5 2. c4 e6 3. Nc3 Nf6 4. Bg5 Be7 5. Nf3 Nc6 6. e3 Bd7 7. a3 dxc4 8. Bxc4
Rc8 9. O-O h6 10. Bh4 g5 11. Bg3 Nh5 12. Ne2 Nxg3 13. Nxg3 Rg8 14. d5 exd5 15.
Bxd5 Be6 16. Bxc6+ bxc6 17. Qc2 Qd5 18. Rad1 Qb5 19. Nd4 Qb6 20. Nxe6 fxe6 21.
Qh7 1-0

[Event "13_Ascona_Chess_Open_2018"]
[Site "Hotel Ascona****, Via Signor i"]
[Date "2018.04.07"]
[Round "2.11"]
[White "Di Cicco, Daniela"]
[Black "Coqueraut, Lodewyk"]
[Result "0-1"]
[WhiteElo "1200"]
[BlackElo "1612"]
[PlyCount "66"]
[EventDate "2018.04.06"]

1. d4 d5 2. Bf4 Nf6 3. h3 c6 4. e3 g6 5. Nd2 Bg7 6. Ngf3 O-O 7. Be2 Nbd7 8. Rb1
b5 9. c3 a5 10. Ne5 Bb7 11. g4 Nxe5 12. Bxe5 Qb6 13. g5 Nd7 14. Bxg7 Kxg7 15.
h4 c5 16. h5 e5 17. hxg6 fxg6 18. Bg4 Rad8 19. Qe2 exd4 20. Qf1 dxe3 21. Qh3
exf2+ 22. Kf1 Rh8 23. Bxd7 d4 24. Rh2 Qd6 25. Qh6+ Kg8 26. Rxf2 Qxd7 27. Re1
Re8 28. Rxe8+ Qxe8 29. Nb3 dxc3 30. bxc3 Bd5 31. Nxa5 Qe7 32. Kg1 Qe1+ 33. Rf1
Qg3# 0-1

[Event "13_Ascona_Chess_Open_2018"]
[Site "Hotel Ascona****, Via Signor i"]
[Date "2018.04.07"]
[Round "2.12"]
[White "Zecirovic, Giacomo"]
[Black "Orsi, Graziano"]
[Result "1-0"]
[WhiteElo "1595"]
[BlackElo "1440"]
[PlyCount "49"]
[EventDate "2018.04.06"]

1. e4 c5 2. Nf3 d6 3. d4 cxd4 4. Nxd4 Nf6 5. Nc3 a6 6. Bg5 e5 7. Nb3 Be7 8. Be2
b5 9. O-O O-O 10. Nd5 Bb7 11. Bxf6 Bxf6 12. c4 b4 13. a3 bxa3 14. Rxa3 Nd7 15.
Na5 Ra7 16. Nxb7 Rxb7 17. Rxa6 Rxb2 18. Rxd6 Bg5 19. f4 Qc8 20. fxg5 Qc5+ 21.
Kh1 Rxe2 22. Rc6 Qa3 23. Qxe2 Rb8 24. Qf3 Qxf3 25. gxf3 1-0

[Event "13_Ascona_Chess_Open_2018"]
[Site "Hotel Ascona****, Via Signor i"]
[Date "2018.04.07"]
[Round "2.13"]
[White "Chockalingam, Krithik"]
[Black "Udipi, Kala Kishan"]
[Result "0-1"]
[WhiteElo "1275"]
[BlackElo "1576"]
[PlyCount "60"]
[EventDate "2018.04.06"]

1. e4 c5 2. Nf3 d6 3. d4 cxd4 4. Nxd4 Nf6 5. Nc3 a6 6. Bd3 e5 7. Nf3 h6 8. O-O
Be7 9. h3 O-O 10. Be3 b5 11. a3 Bb7 12. Re1 Re8 13. Bd2 Nbd7 14. b4 Bf8 15. Qc1
Re7 16. Qb2 Qe8 17. Qa2 d5 18. Nxd5 Nxd5 19. exd5 e4 20. d6 Re6 21. Nd4 Rxd6
22. Nb3 Rg6 23. Bf1 Ne5 24. Kh1 Nc4 25. Bxc4 bxc4 26. Nc1 e3 27. Rxe3 Bxg2+ 28.
Kh2 Bd6+ 29. Rg3 Bxg3+ 30. fxg3 Qd7 0-1

[Event "13_Ascona_Chess_Open_2018"]
[Site "Hotel Ascona****, Via Signor i"]
[Date "2018.04.07"]
[Round "2.14"]
[White "Odermatt, Christoph"]
[Black "Cerusico, Carlo"]
[Result "1-0"]
[WhiteElo "1529"]
[BlackElo "1164"]
[PlyCount "121"]
[EventDate "2018.04.06"]

1. b4 b6 2. Bb2 Bb7 3. b5 d6 4. c4 Nd7 5. d4 e6 6. Nc3 Ne7 7. e4 g6 8. Nf3 Bg7
9. Be2 h6 10. O-O O-O 11. a4 a5 12. Rb1 Kh7 13. Bd3 f5 14. Re1 fxe4 15. Bxe4
Bxe4 16. Rxe4 e5 17. dxe5 Nxe5 18. Nxe5 dxe5 19. Qxd8 Raxd8 20. Rd1 Rxd1+ 21.
Nxd1 Rd8 22. Nc3 Nf5 23. Kf1 Nd6 24. Re1 Nxc4 25. Ba1 Rd2 26. Re2 Bf8 27. Rxd2
Nxd2+ 28. Ke2 Nc4 29. Nd5 Bd6 30. Kd3 Na3 31. Bb2 Nxb5 32. axb5 Kg7 33. h3 Kf7
34. Kc4 Ke6 35. f3 g5 36. g4 Kf7 37. Ne3 Ke6 38. Nf5 Bf8 39. Ne3 Bd6 40. Kb3
Kd7 41. Ba3 Bxa3 42. Kxa3 c6 43. Ka4 cxb5+ 44. Kxb5 Kd6 45. Nc4+ Kd5 46. Nxb6+
Kd4 47. Nd7 e4 48. fxe4 Kxe4 49. Nf6+ Kf3 50. Ng8 Kg3 51. Nxh6 Kxh3 52. Kxa5
Kg3 53. Kb4 Kf4 54. Kc5 Ke5 55. Kc6 Ke6 56. Kc7 Ke7 57. Nf5+ Ke6 58. Kc6 Ke5
59. Kd7 Kf4 60. Nh6 Ke5 61. Ke7 1-0

[Event "13_Ascona_Chess_Open_2018"]
[Site "Hotel Ascona****, Via Signor i"]
[Date "2018.04.07"]
[Round "3.1"]
[White "Luciani, Valerio"]
[Black "Naumkin, Igor"]
[Result "0-1"]
[WhiteElo "2261"]
[BlackElo "2418"]
[PlyCount "128"]
[EventDate "2018.04.06"]

1. d4 e6 2. e4 d5 3. e5 c5 4. Nf3 Nc6 5. c3 Qb6 6. a3 Nh6 7. b4 cxd4 8. cxd4
Nf5 9. Bb2 Be7 10. Bd3 Bd7 11. Bxf5 exf5 12. Nc3 Be6 13. Qd2 Rc8 14. O-O O-O
15. Rfc1 h6 16. Na4 Qd8 17. Nc5 b6 18. Nd3 Qd7 19. Rc2 a6 20. Rac1 Na7 21. Rxc8
Rxc8 22. Rxc8+ Qxc8 23. Qc3 g5 24. Qxc8+ Bxc8 25. Kf1 f4 26. Nfe1 Bd7 27. Ke2
f6 28. h4 Kf7 29. Kf3 Ba4 30. hxg5 hxg5 31. Ke2 Nc6 32. g3 fxg3 33. fxg3 Bb5
34. Ke3 a5 35. exf6 Bxf6 36. Bc3 axb4 37. axb4 Ke6 38. g4 Ba4 39. Nf3 Bd1 40.
Nde1 Be7 41. Nd3 Na7 42. Nfe5 Nb5 43. Bd2 Na3 44. Bc3 Nc4+ 45. Kf2 Nd6 46. Ke1
Ba4 47. Bd2 Bb5 48. Nf2 Nc4 49. Nfd3 Na3 50. Kd1 Ba4+ 51. Ke1 Nc4 52. Nf3 Nxd2
53. Kxd2 Bb5 54. Nfe5 Bf6 55. Kc3 Ba6 56. Nf3 Kd6 57. Nde5 Ke6 58. Nd3 Bc4 59.
Nfe5 Bb5 60. Kd2 Bxd3 61. Kxd3 Bd8 62. Ke2 b5 63. Kd2 Bb6 64. Ke2 Bxd4 0-1